00503nam a2200205Ia 4500003000900000008004100009040001300050040001300063041000800076100001600084245009900100250001200199260000800211260000900219300001100228300001000239490002200249490000800271700001800279IT-RoPAU120407s9999 xx 000 0 und d aIT-RoPAU cIT-RoPAU aita aMarcheselli aRisorgeremo, ma come? Risurrezione dei corpi, degli spiriti o dell’uomo? Epoca greco-romana. aBologna aEDB c1988 a648 p. c24 cm aSuppl. Riv. Bibl. v118 aCesare Casale